| 000 | 03109cam a22004094i 4500 | ||
|---|---|---|---|
| 003 | PE-LiUPU | ||
| 005 | 20250731173211.0 | ||
| 008 | 150625s1961 ag r 000 0 spa d | ||
| 035 | _a(Sirsi) a32285 | ||
| 040 |
_aPE-LiUPU _bspa _cPE-LiUPU _erda |
||
| 049 | _aPRUA | ||
| 082 | 0 | 4 |
_a200 _bV58 _221 |
| 100 | 1 |
_aVries, Anne de, _eautor. |
|
| 245 | 1 | 3 |
_aEl gran libro / _cAnne de Vries. |
| 264 | 1 |
_aBuenos Aires : _bJunta de publicaciones de las iglesias reformadas en la argentina, _c1961. |
|
| 300 | _a | ||
| 336 |
_atext _2rdacontent |
||
| 337 |
_aunmediated _2rdamedia |
||
| 338 |
_avolume _2rdacarrier |
||
| 505 | 0 | _aLa creación. - En el huerto del Edén. - El primer pecado. - De tal manera amo Dios al mundo. - Caín y Abel. - Dios es fiel. - El diluvio. - Bendición y maldición. - La torre de Babel. - El amigo de Dios. - Abram y Lot. - Prueba de fe. - ¿Hay cosa alguna demasiado dificil para Jehova?. - Sodoma y Gomorra. - Agar e Ismael. - Amar a Dios sobre todas las cosas. - Rebeca. - Jacob y Esau. - El engaño. - La huida de Jacob. - Jacob y Laban. - Peniel. - Jose y sus hermanos. - Jose como esclavo. - Jose en la carcel. - El rey soño. - Los hermanos van a Egipto. - Segundo viaje de los hermanos. - Viaje de Jacob a Egipto. - Job. - Moises. - El principe Moises. - La vocaciónde Moises. - Un hombre lucha contra Dios. - La liberación. - Por mar y arena. - Como un padre los conducia. - Junto al Sinai. - El tabernaculo. - Incredulidad. - Cuarenta años. - Balaam,el mago. - Moises sobre el Nebo. - La entrada en canaam. - Por la fe. - La tierra conquistada. - Debora. - Gedeón. - Samson. - El fin de Samson. - Rut. - Samuel. - El arca con los filisteos. - Samuel como juez. - El nuevo rey. - Desobediencia. - David. - David y Goliat. - Guardado por Dios. - Como una perdiz entre los montes. - Amad a vuestros enemigos. - Nabal. - Haquila. - Siclag. - El fin de Saul. - David es hecho rey. - David, el siervo de Dios. - Bat-seba. - Absalom. - La muerte de Absalom. - El fin de David. - Salomon. - La escisión. - Jeroboam, el pecador. - Asa, el piadoso. - Elias. - "¡El señor es Dios!". - Elias sobre el Horeb. - Nabot. - La muerte de Acab. - Josafat. - Elias y Eliseo. - Eliseo. - Naaman y Giezi. - Eliseo y los Sirios. - Jehú. - Joás. - Jonás. - El fin de Israel. - Isaias. - Ezequias. - Manases y Josias. - Jeremias. - Daniel. - En el horno ardiente. - Belsasar. - En la cueva de los leones. - El regreso. - Ester. - Por la fe. | |
| 526 | _aSEG42 | ||
| 526 | _aSEG41 | ||
| 526 | _aSEG40 | ||
| 526 | _aSEG39 | ||
| 526 | _aP94 | ||
| 526 | _aP87 | ||
| 526 | _aP86 | ||
| 526 | _aP85 | ||
| 526 | _aP77 | ||
| 526 | _aP76 | ||
| 526 | _aP35 | ||
| 942 |
_2ddc _cBOOK |
||
| 949 |
_a200 V58 _wDEWEY _c1 _i08919 _lCCODEBUL1 _mBUL _p00.00 _r0 _sY _tBOOK _u2015-06-25 _xBIBLIOTECA _zUNKNOWN _0COMPRA _o.STAFF. Colección General |
||
| 596 | _a1 | ||
| 999 |
_a200 V58 _wDEWEY _c39920 _i08919 _d39920 _e2018-10-9 _f2021-11-9 _g5 _lCCODEBUL1 _mBUL _n4 _q3 _r0 _sY _tBOOK _u2015-6-25 _xTEOLOGIA _zUNKNOWN _0COMPRA _o.STAFF. Colección General |
||
| 980 |
_81 _gALBERTO SANCHEZ Responsable de Automatización |
||